Vplyv harmonizácie účtovníctva EÚ na finančné riadenie podnikov
Teoretické aspekty harmonizácie účtovníctva a finančného výkazníctva. Harmonizáciu účtovníctva ako proces, v rámci ktorého sú redukované rozdiely medzi rôznymi národnými účtovnými systémami. Prispôsobením národných systémov účtovníctva sa má zvýšiť medzinárodná porovnateľnosť účtovných závierok, prí...
Salvato in:
| Autore principale: | |
|---|---|
| Natura: | Capitolo di libro |
| Lingua: | slovacco |
| Soggetti: | |
| Tags: |
Nessun Tag, puoi essere il primo ad aggiungerne!!
|
MARC
| LEADER | 00000nla$a2200000$$$4500 | ||
|---|---|---|---|
| 001 | 0066691 | ||
| 005 | 20240502071807.5 | ||
| 041 | 0 | |a slo | |
| 044 | |a SK | ||
| 245 | 1 | 0 | |a Vplyv harmonizácie účtovníctva EÚ na finančné riadenie podnikov |c Jana Šnircová |
| 520 | |a Teoretické aspekty harmonizácie účtovníctva a finančného výkazníctva. Harmonizáciu účtovníctva ako proces, v rámci ktorého sú redukované rozdiely medzi rôznymi národnými účtovnými systémami. Prispôsobením národných systémov účtovníctva sa má zvýšiť medzinárodná porovnateľnosť účtovných závierok, príp. informácií v účtovníctve. Súčasný stav implementácie IAS/IFRS v EÚ a v SR. Aplikácia IAS/IFRS v slovenskej účtovnej legislatíve. Dopad harmonizácie účtovníctva na finančné riadenie podnikov a spôsob riešenia vzniknutých problémov. | ||
| 610 | 2 | 0 | |a účtovníctvo |
| 610 | 2 | 0 | |a harmonizácia |
| 610 | 2 | 0 | |a štandardy účtovné medzinárodné |
| 610 | 2 | 0 | |a výkazníctvo finančné |
| 610 | 2 | 0 | |a riadenie finančné |
| 610 | 2 | 0 | |a riadenie podnikové |
| 610 | 2 | 0 | |a Slovensko |
| 610 | 2 | 0 | |a Európska únia |
| 100 | 1 | |a Šnircová, Jana, 1971- | |